000
00240as aa2200097a 44500
090
_a
SERIADAS
_b
01002
245
1
0
_a
Trends in Ecology and Evolution
260
_b
Elsevier Trends Journals
_a
Estados Unidos
041
0
_a
Inglés
942
_c
REVISTA
999
_c
17157
_d
17157